000 01487nam a22005297a 4500
001 4866615
003 LIBRIS
005 20210426063413.0
008 011211s1995 xxu 000 0 eng c
020 _a0380726475
040 _aUps
_beng
_cDLC
041 _aeng
080 _a15
_bD-17
082 0 4 _a153.43
_222/swe
084 _aDodf
_2kssb/6
084 _aDoeba
_2kssb/6
084 _aDodf
_2kssb/6
084 _aDoeba
_2kssb/6
084 _aDodf
_2kssb/6
084 _aDoeba
_2kssb/6
100 1 _aDamasio, Antonio R.
_0228541
245 0 0 _aDescartes' error :
_bemotion, reason, and the human brain /
_c/ by: Avon Books
260 _aNew York
_bAvon Books
_c1995
300 _a312 s.
_bill.
365 _b13.50 usd
650 2 _aCognition
650 0 _aScience
_9681
650 2 _aEmotion
650 2 _aNeuropsychology
650 2 _aEmotions
650 2 _aCognition
650 2 _aEmotion
650 2 _aNeuropsychology
653 _aმეცნიერება
942 _2udc
_cBK
999 _c1476
_d1476